00980nam a2200181 i 4500001000300000245019500003260004200198300004200240490013500282710006300417830012300480020001500603040000800618041000800626080002500634008004100659856009800700bg 0aNew enviromental aspects of land use in Poland and Hungary :btransactions of the 3rd Polish-Hungarian Seminar Lublin, November 7-8, 1991 r. /c[red. zesz. Ryszard Dębicki, Jan Gliński]. aLublin :bInstytut Agrofizyki,c1993. a110 s. :bmapy, rys., wykr. ;c24 cm.1 aZeszyty Problemowe Postępów Nauk Rolniczych / Polska Akademia Nauk. Wydział Nauk Rolniczych i Leśnych,x0084-5477 ;vz. 400 aPOLSKA AKADEMIA NAUK. Wydział Nauk Rolniczych i Leśnych 0aZeszyty Problemowe Postępów Nauk Rolniczych (Polska Akademia Nauk. Wydział Nauk Rolniczych i Leśnych) ;vz. 400 a8390034751 cBPK apol a631.4:628.39](061.3) s pl f |000 0 pol  uhttp://koha.tu.koszalin.pl/cgi-bin/koha/opac-detail.pl?biblionumber=30117yKatalog online BPK